000 00921nam a2200253Ia 4500
003 GCL
005 20240530095319.0
008 140319s9999 xx 000 0 ara d
020 _a7032327977
040 _aGCL /
_cGCL
082 0 4 _a355.033
_bق/م ع
100 1 _aمحمد عبدالواحد حجازى
245 1 0 _aالعسكرية المصرية :
_bمن طرد الهكسوس الى طرد اليهود /
_cمحمد عبدالواحد حجازى
260 _aالقاهرة :
_bدار الوفاء لدنيا الطباعة والنشر ،
_c2000
300 _a442 ص ؛
_c24 سم
650 0 4 _aالحروب الصليبية
650 0 4 _aالتاريخ الحربى
650 0 4 _aالحروب الصليبية فى مصر
650 0 4 _aالاستعمار
650 0 4 _aالجنود
650 0 4 _aمصر - الجيش
650 0 4 _aمصر - الجيش - القوات الجوية
942 _2ddc
_cBK
999 _c6070
_d6070